| 000 | 00942nam0a22002651 4500 | ||
|---|---|---|---|
| 001 | rc\3023059 | ||
| 005 | 20250806201439.0 | ||
| 035 | _a(NLR Aleph) 007164865 | ||
| 090 |
_a24285 _c24285 |
||
| 100 | _a20110928d1944 u y0rusy50 ca | ||
| 101 | 0 | _arus | |
| 102 | _aRU | ||
| 105 | _ay z ||||| | ||
| 200 | 1 |
_aО преподавании русского языка _eВ помощь учителю _fП.М. Минин _gУпр. нач. и средн. школ НКП РСФСР |
|
| 210 |
_aМосква _cНаркомпрос РСФСР _d1944 _gф-ка дет. книги Детгиза |
||
| 215 |
_a52 с. _d20 см |
||
| 300 | _aБез обл. | ||
| 700 | 1 |
_aМинин _bП. М _f1876- _gПетр Михайлович |
|
| 801 | 0 |
_aRU _bNLR _gpsbo |
|
| 801 | 1 |
_aRU _bELAR _2rusmarc |
|
| 852 |
_aNLR _jПр20 Г-4/239 |
||
| 942 | _cBOOK | ||
| 945 | _aРоссийская национальная библиотека | ||
| 980 | _aNB | ||
| 980 | _aBV | ||